The Boeing 787 - A Revelation in Air Travel.

The Boeing 787 may not look different, but according to it's manufacturers it is a revolution in air travel and will help preserve the natural resources of the planet. Similar to the Airbus A380, the plane is made from carbon-fiber reinforced plastics and aluminum glass fiber materials which ar...

Full description

Bibliographic Details
Corporate Author: Kanopy (Firm)
Format: Video
Language:Undetermined
Language Notes:In English
Published: [San Francisco, California, USA] : Kanopy Streaming, 2015.
Subjects:
Online Access:Connect to this streaming video

MARC

Tag First Indicator Second Indicator Subfields
LEADER 00000cgm a2200000za 4500
001 in00003593113
006 m o c
007 vz uzazuu
007 cr una---unuuu
008 150908p20152013cau051 o vlund d
005 20260324171426.9
028 5 2 |a 1128350  |b Kanopy 
035 |a (CaSfKAN)kan1128350 
040 |a VDU  |b eng  |c VDU  |d UtOrBLW 
245 0 4 |a The Boeing 787 - A Revelation in Air Travel. 
264 1 |a [San Francisco, California, USA] :  |b Kanopy Streaming,  |c 2015. 
300 |a 1 online resource (streaming video file) 
306 |a Duration: 52 minutes 
336 |a two-dimensional moving image  |b tdi  |2 rdacontent 
337 |a computer  |b c  |2 rdamedia 
338 |a online resource  |b cr  |2 rdacarrier 
500 |a Title from title frames. 
518 |a Originally produced by Chip Taylor Communications in 2013. 
520 |a The Boeing 787 may not look different, but according to it's manufacturers it is a revolution in air travel and will help preserve the natural resources of the planet. Similar to the Airbus A380, the plane is made from carbon-fiber reinforced plastics and aluminum glass fiber materials which are lighter and more resistant to fatigue. It is one of many planes that have been developed to reduce the carbon footprint while at the same time improving space, comfort and entertainment for passengers on long voyages. 
538 |a Mode of access: World Wide Web. 
546 |a In English 
500 |a Electronic resource. 
653 |a Astronomy and Aeronautics 
655 7 |a Nonfiction films.  |2 lcgft  |0 http://id.loc.gov/authorities/genreForms/gf2011026423 
655 7 |a Internet videos.  |2 lcgft  |0 http://id.loc.gov/authorities/genreForms/gf2011026337 
710 2 |a Kanopy (Firm)  |0 http://id.loc.gov/authorities/names/no2014091415 
856 4 0 |u http://proxy.library.tamu.edu/login?url=https://texasam.kanopystreaming.com/node/128351  |z Connect to this streaming video  |t 0 
999 f f |s e2441f9c-75f2-37ca-b86d-87d4a20c14a8  |i 5ac8b5ba-11cb-388b-9e43-4552a0a40c49  |t 0 
952 f f |a Texas A&M University  |b College Station  |c Electronic Resources  |s www_evans  |d Available Online  |t 0  |h No information provided 
998 f f |t 0  |l Available Online